| 000 | 00649nam a2200253 a 4500 | ||
|---|---|---|---|
| 001 | adlib96000001 | ||
| 003 | ViArRB | ||
| 005 | 200902210153555.7 | ||
| 008 | 960221s1955 dcuabcdjdbkoqu001 0deng d | ||
| 020 | _a | ||
| 022 | _a | ||
| 040 | _aAdlib | ||
| 082 | _a614.84 | ||
| 245 | _aPractical fire precautions | ||
| 250 | _a | ||
| 260 |
_aLondon _bGower press _c1971 |
||
| 300 |
_axv,429p. _c |
||
| 500 | _a | ||
| 100 |
_aUnderdown, G.W. _e |
||
| 700 |
_a _a |
||
| 942 | _cBK | ||
| 653 |
_aFire prevention _aSafety engineering |
||
| 952 |
_w2010-06-16 _p00001315 _r2010-06-16 _40 _00 _bUL _10 _o614.84 UND _d2010-06-16 _70 _yBK _aUL |
||
| 999 |
_c17799 _d17798 |
||